000 00793nam a22002177a 4500
005 20251108170124.0
008 250721s2000 xx 000 0 ara d
082 1 4 _aم/347.99565/خلا
100 1 _aخلاد، محمد
245 1 0 _aالإجتهاد القضائي :
_bالمبادئ القانونية المحكمة التميز في المواد المدنية و التجارية من سنة 1992 حتى سنة 1998 /
264 1 _aعمان :
_bدار العلمية الدولية للنشر،
_c2000.
300 _aج.
650 1 7 _aمحاكم التمييز
650 1 7 _aالأردن
650 1 7 _aالقانون المدني
650 1 7 _aالقانون التجاري
650 1 7 _aالقضاء
700 1 _aخلاد، يوسف
942 _2ddc
_cREF
999 _c40276
_d40276